SYSTEMS OF POLITICAL SCIENCE (Record no. 416)

MARC details
000 -LEADER
fixed length control field 00257nam a22000977a 4500
008 - FIXED-LENGTH DATA ELEMENTS--GENERAL INFORMATION
fixed length control field 150821b xxu||||| |||| 00| 0 eng d
082 ## -
Classification number 320 TOU
100 ## - MAIN ENTRY--PERSONAL NAME
Personal name YOUNG ORAN R.
245 ## - TITLE STATEMENT
Title SYSTEMS OF POLITICAL SCIENCE
260 ## - PUBLICATION, DISTRIBUTION, ETC. (IMPRINT)
Place of publication, distribution, etc. NEW JERSEY
Name of publisher, distributor, etc. PRENTICE-HALL, INC.
Date of publication, distribution, etc. 1968
Holdings
Withdrawn status Lost status Source of classification or shelving scheme Damaged status Koha normalized classification for sorting Not for loan Home library Current library Shelving location Date acquired Total Checkouts Full call number Barcode Date last seen Price effective from Koha item type
    Dewey Decimal Classification   320_000000000000000_TOU   Dodoma Dodoma Ground Floor 21/08/2015   320 TOU 000000003108 29/07/2019 21/08/2015 BOOKS

IRDP © 2021 :: Managed by ICT Team